[Event "Wil Acrevis op 1st"]
[Site "Wil"]
[Date "2020.06.21"]
[Round "4"]
[White "Dohon, Maria Johanna"]
[Black "Meichsner, Orell"]
[Result "1-0"]
[WhiteElo "1038"]
[BlackElo "1161"]
[PlyCount "41"]
[EventDate "2020.06.19"]
[EventType "swiss"]
[EventRounds "5"]
[EventCountry "SUI"]
[SourceTitle "CBM 197 Extra"]
[Source "ChessBase"]
[SourceDate "2020.09.30"]
[SourceVersion "1"]
[SourceVersionDate "2020.09.30"]
[SourceQuality "1"]

1. d4 d5 2. c4 Nc6 3. e3 Bf5 4. Nc3 Nf6 5. Nf3 e5 6. dxe5 Ng4 7. cxd5 Nb4 8. e4 Bg6 9. a3 Na6 10. h3 Nh6 11. Bb5+ c6 12. dxc6 bxc6 13. Bxc6+ Ke7 14. Nd5+ Qxd5 15. exd5 Bh5 16. Bg5+ f6 17. exf6+ gxf6 18. Qe2+ Kf7 19. Qe6+ Kg7 20. Bxf6+ Kg6 21. Be5# 1-0

[Event "Wil Acrevis op 1st"]
[Site "Wil"]
[Date "2020.06.21"]
[Round "5"]
[White "Meichsner, Orell"]
[Black "Clermont, Andreas"]
[Result "0-1"]
[WhiteElo "1161"]
[BlackElo "1355"]
[PlyCount "36"]
[EventDate "2020.06.19"]
[EventType "swiss"]
[EventRounds "5"]
[EventCountry "SUI"]
[SourceTitle "CBM 197 Extra"]
[Source "ChessBase"]
[SourceDate "2020.09.30"]
[SourceVersion "1"]
[SourceVersionDate "2020.09.30"]
[SourceQuality "1"]

1. e4 c5 2. Nc3 Nc6 3. Bc4 Nf6 4. Nf3 Na5 5. d3 a6 6. Bf4 b5 7. Bd5 Ra7 8. Bb8 e6 9. Bxa7 exd5 10. d4 Qc7 11. Bxc5 Bxc5 12. dxc5 dxe4 13. Nd4 Qxc5 14. Qg4 Nxg4 15. Nxe4 Qxd4 16. Ng5 Qxf2+ 17. Kd1 Ne3+ 18. Kc1 Qxc2# 0-1

[Event "Wil Acrevis op 1st"]
[Site "Wil"]
[Date "2020.06.20"]
[Round "2"]
[White "Dueck, Maximilian"]
[Black "Meichsner, Orell"]
[Result "1-0"]
[WhiteElo "1428"]
[BlackElo "1161"]
[PlyCount "33"]
[EventDate "2020.06.19"]
[EventType "swiss"]
[EventRounds "5"]
[EventCountry "SUI"]
[SourceTitle "CBM 197 Extra"]
[Source "ChessBase"]
[SourceDate "2020.09.30"]
[SourceVersion "1"]
[SourceVersionDate "2020.09.30"]
[SourceQuality "1"]

1. e4 e5 2. Nf3 Nc6 3. Bc4 Bc5 4. c3 Nf6 5. 0-0 0-0 6. d4 exd4 7. cxd4 Na5 8. dxc5 Nxc4 9. Qa4 Ne5 10. Nxe5 Qe8 11. Nf3 Nxe4 12. b3 Nxc5 13. Qc4 Qd8 14. Qxc5 d6 15. Qc3 Qd7 16. Bb2 Qb5 17. Qxg7# 1-0

[Event "Wil Acrevis op 1st"]
[Site "Wil"]
[Date "2020.06.20"]
[Round "3"]
[White "Meichsner, Orell"]
[Black "Ingielewicz, Tomasz"]
[Result "1/2-1/2"]
[WhiteElo "1161"]
[BlackElo "1385"]
[PlyCount "119"]
[EventDate "2020.06.19"]
[EventType "swiss"]
[EventRounds "5"]
[EventCountry "SUI"]
[SourceTitle "CBM 197 Extra"]
[Source "ChessBase"]
[SourceDate "2020.09.30"]
[SourceVersion "1"]
[SourceVersionDate "2020.09.30"]
[SourceQuality "1"]

1. e4 c6 2. d4 d5 3. e5 Bf5 4. Bd3 Bxd3 5. Qxd3 e6 6. c4 dxc4 7. Qxc4 Nd7 8. Qb3 Nb6 9. Nf3 Ne7 10. 0-0 Nf5 11. Rd1 g6 12. Bg5 Be7 13. Bxe7 Qxe7 14. Qa3 0-0 15. Qxe7 Nxe7 16. Nc3 Ned5 17. Nxd5 Nxd5 18. Ng5 Rfd8 19. Ne4 Ne7 20. Nc5 b6 21. Nb7 Rd7 22. Nd6 Nf5 23. Nxf5 exf5 24. Rac1 Rad8 25. Rxc6 Rxd4 26. Rxd4 Rxd4 27. Kf1 Rd2 28. Rc8+ Kg7 29. Ra8 Rd5 30. Rxa7 Rxe5 31. Ra6 Rb5 32. b3 h5 33. h3 g5 34. g3 Rb4 35. h4 gxh4 36. gxh4 Kf6 37. Kg2 Ke5 38. Kf3 Kd5 39. Ke3 Kc5 40. Kd3 Kb5 41. Ra7 Rxh4 42. Rxf7 Rf4 43. a4+ Kb4 44. Ke3 Rh4 45. Rxf5 Kxb3 46. a5 bxa5 47. Rxa5 Kb4 48. Rg5 Kc4 49. f4 Rh1 50. f5 Kd5 51. Kf4 Kd4 52. f6 Rf1+ 53. Kg3 Rxf6 54. Rxh5 Ke3 55. Rh3 Rg6+ 56. Kh2+ Kf2 57. Kh1 Rd6 58. Rh2+ Kf3 59. Rh3+ Kg4 60. Ra3 1/2-1/2